Englands's Top 100 Footballers - Statistics

General Stats
  • This quiz has been taken 68 times
  • The average score is 44 of 100
Answer Stats
Value
(mil)
Player Club % Correct
150 Bukayo Saka Arsenal
100%
75 Harry Kane Bayern
100%
22 Jobe Bellingham Dortmund
100%
180 Jude Bellingham Real Madrid
100%
120 Cole Palmer Chelsea
98%
100 Phil Foden Man City
95%
120 Declan Rice Arsenal
93%
75 Trent Alexander-Arnold Real Madrid
89%
50 Marcus Rashford Barcelona
86%
40 Ollie Watkins Aston Villa
86%
50 Morgan Gibbs-White Nottingham
82%
45 Marc Guehi Crystal Palace
79%
65 Anthony Gordon Newcastle
77%
45 Ben White Arsenal
77%
18 Jordan Pickford Everton
75%
45 Curtis Jones Liverpool
70%
55 Eberechi Eze Crystal Palace
70%
30 Reece James Chelsea
70%
20 Dean Henderson Crystal Palace
68%
40 Conor Gallagher Atletico Madrid
65%
28 Jack Grealish Everton
65%
25 John Stones Man City
65%
28 Mason Mount Man United
65%
40 Rico Lewis Man City
65%
42 James Maddison Tottenham
63%
50 Kobbie Mainoo Man United
63%
40 Dominic Solanke Tottenham
60%
40 Jarrod Bowen West Ham
56%
40 Mason Greenwood Marseille
56%
45 Myles Lewis-Skelly Arsenal
56%
40 Noni Madueke Arsenal
56%
16 Aaron Ramsdale Newcastle
54%
30 Harvey Elliott Liverpool
53%
28 Jadon Sancho Man United
53%
55 Levi Colwill Chelsea
53%
55 Morgan Rogers Aston Villa
53%
45 Adam Wharton Crystal Palace
49%
15 Ben Chilwell Chelsea
49%
40 Liam Delap Chelsea
49%
20 Joe Gomez Liverpool
47%
30 Emile Smith Rowe Fulham
46%
55 Ethan Nwaneri Arsenal
46%
35 Ezri Konsa Aston Villa
46%
35 Harvey Barnes Newcastle
46%
20 Fikayo Tomori AC Milan
44%
50 Jarrad Branthwaite Everton
44%
25 Trevoh Chalobah Chelsea
44%
32 Jacob Ramsey Aston Villa
42%
32 Lewis Hall Newcastle
42%
18 Nico O'Reilly Man City
42%
40 Tino Livramento Newcastle
42%
32 Elliot Anderson Nottingham
40%
20 Kiernan Dewsbury-Hall Chelsea
40%
25 Callum Hudson-Odoi Nottingham
39%
25 Ivan Toney Al-Ahli
39%
50 Jamie Gittens Chelsea
37%
18 Eddie Nketiah Crystal Palace
35%
15 Tammy Abraham Besiktas
35%
16 Dominic Calvert-Lewin Free Agent
33%
20 Jarell Quansah Leverkusen
33%
20 Angel Gomes Marseille
30%
20 James McAtee Man City
30%
22 Omari Hutchinson Ipswich
30%
38 Archie Gray Tottenham
28%
20 Djed Spence Tottenham
28%
22 Joe Willock Newcastle
28%
20 Sean Longstaff Leeds
28%
25 Tyrick Mitchell Crystal Palace
26%
16 Jacob Murphy Newcastle
25%
22 James Trafford Man City
25%
25 Tyler Dibling Southampton
25%
15 Kyle Walker-Peters West Ham
23%
15 Lewis Cook Bournemouth
23%
25 Maximilian Kilman West Ham
23%
22 Leif Davis Ipswich
21%
22 Lewis Miley Newcastle
21%
16 Lloyd Kelly Juventus
21%
18 Marcus Tavernier Bournemouth
21%
20 Tosin Adarabioyo Chelsea
21%
20 Alex Scott Bournemouth
19%
15 Rico Henry Brentford
19%
22 Taylor Harwood-Bellis Southampton
19%
14 Jack Harrison Leeds
18%
18 Carney Chukwuemeka Chelsea
16%
24 Jack Hinshelwood Brighton
16%
18 Jacob Greaves Ipswich
16%
18 James Garner Everton
16%
13 James Justin Leicester
16%
25 Dwight McNeil Everton
14%
15 Jack Clarke Ipswich
14%
23 Keane Lewis-Potter Brentford
14%
16 Reiss Nelson Arsenal
14%
14 Anthony Patterson Sunderland
11%
20 Chris Rigg Sunderland
11%
16 Jaden Philogene Ipswich
11%
18 Mikey Moore Glasgow Rangers
11%
15 Ryan Sessegnon Fulham
11%
16 CJ Egan-Riley Marseille
7%
15 Callum Doyle Man City
5%
14 Josh Brownhill Free Agent
4%
No matching quizzes found
Score Distribution
Percent of People with Each Score
Percentile by Number Answered
Your Score History
You have not taken this quiz